| 000 | 00777pam a2200241 a 4500 | ||
|---|---|---|---|
| 001 | 2088456 | ||
| 005 | 20180315080946.0 | ||
| 008 | 950705s1996 dcu b 001 0 eng c | ||
| 010 | _a 95034139 | ||
| 020 | _a0880487224 (alk. paper) | ||
| 040 |
_aDNLM/DLC _cDLC _dDLC |
||
| 041 | _aeng | ||
| 043 | _an-us--- | ||
| 060 | 1 | 0 | _aWM 21 M879b 1996 |
| 080 | _a616.890076 MOR | ||
| 082 | 0 | 0 |
_a616.890076 MOR _220 |
| 100 | 1 | _a4 | |
| 101 | _aSHM | ||
| 245 | 1 | 0 |
_aBoarding time : _cJames Morrison and Rodrigo A. Muñoz. |
| 906 |
_a7 _bcbc _corignew _d1 _eocip _f19 _gy-gencatlg |
||
| 942 |
_2ddc _cBK |
||
| 999 |
_c45136 _d45136 |
||